2002 AFL Premiership Team - Statistics

General Stats
  • This quiz has been taken 39 times
  • The average score is 16 of 24
Answer Stats
Hint Answer % Correct
Centre Half Forward Jonathan Brown
100%
Premiership Team Brisbane
97%
Forward Pocket Jason Akermanis
94%
Centre Michael Voss
94%
Coach Leigh Matthews
90%
Ruck Rover Simon Black
90%
Rover Brad Scott
81%
Full Back Chris Scott
81%
Full Forward Alastair Lynch
77%
Back Pocket Justin Leppitsch
74%
Half Forward Flank Nigel Lappin
71%
Centre Half Back Mal Michael
65%
Ruck Clark Keating
61%
Interchange Craig McRae
61%
Half Back Flank Luke Power
61%
Wing Martin Pike
55%
Wing Shaun Hart
55%
Forward Pocket Darryl White
52%
Back Pocket Chris Johnson
48%
Half Back Flank Marcus Ashcroft
45%
Interchange Tim Notting
45%
Half Forward Flank Des Headland
35%
Interchange Beau McDonald
32%
Interchange Aaron Shattock
16%
No matching quizzes found
Score Distribution
Percent of People with Each Score
Percentile by Number Answered
Your Score History
You have not taken this quiz